000 00474nam a22001457a 4500
005 20150209141452.0
008 150209b xxu||||| |||| 00| 0 eng d
040 _cPK-LaUMT
082 _aKHC 891.4393
_bPRE-
100 _aخواجہ محمد زکریا(ترتیب
245 _aپریم چند کے منتخب بہترین افسانے
_cخواجہ محمد زکریا
260 _aلاہور
_bمکتبہ میری لائبریری
_c1986
300 _a346 ص
942 _cBK
999 _c66007
_d66007